000
00470nam a2200169Ia 4500
008
090711s9999 xx 000 0 und d
082
_b
65880
100
_a
जोगळेकर योगिनी
245
_a
सार्थक
260
_c
1988
300
_a
212
600
_a
जोगळेकर योगिनी
630
_a
सार्थक
700
_a
जोगळेकर योगिनी
730
_a
सार्थक
942
_c
BOOK
999
_c
294052
_d
294052